000 00494nam a22002177a 4500
003 UA-OsUOA
001 38513
007 ta
008 20060516b un ||||| |||| 00| 0 ukr d
100 _aНесенюк Микола
090 _a32
_bН11
942 _cSA
040 _aUA-OsUOA
_bukr
_cUA-OsUOA
_dUA-OsUOA
245 _aЯкого кольору влада
300 _a2 с.
955 _a0
041 _aukr
080 _a32
773 0 _w38512
650 7 _a32 Політика
_2UDC
999 _c324662
_d324662